000 00359pab a2200145 454500
008 180718b1987 xxu||||| |||| 00| 0 eng d
100 _aBeenstock, Michael
245 _aPensions and labour market structure
260 _c1987
300 _a568-76
362 _aSept.
650 _aPensions, Industrial
773 _aOxford Economic Papers
909 _a14795
999 _c14795
_d14795